000 00836nam a2200241 i 4500
001 182417
003 ES-MaACL
005 20250731063048.0
008 130809s1992 sp | |||| ||spa d
080 _a929 Colón, Fernando
080 _a027(460.353 S.)
245 0 0 _aHernando Colón y la Biblioteca Colombina
260 _aMadrid :
_bFundación Mapfre América ;
_a[Sevilla] :
_bCabildo de la Catedral de Sevilla,
_c1992
300 _a[20] páginas ;
_c31 cm
600 1 4 _aColón, Fernando,
_d1488-1539
_939874
610 2 4 _aBiblioteca Capitular y Colombina
_92167
710 2 _aFundación MAPFRE América
_eedt
_94363
710 2 _aCatedral de Sevilla.
_bCabildo
_eedt
_9153226
852 _aES-MaACL
_j2323-F-30
_cDEPOF
942 _2udc
_cFOLLETOS
_n0
999 _c182417
_d182417